Introduction to Numerical Linear Algebra and Optimisation (Record no. 8291)

MARC details
000 -LEADER
fixed length control field 00578nam a22001937a 4500
003 - CONTROL NUMBER IDENTIFIER
control field OSt
005 - DATE AND TIME OF LATEST TRANSACTION
control field 20240416150817.0
008 - FIXED-LENGTH DATA ELEMENTS--GENERAL INFORMATION
fixed length control field 240412b |||||||| |||| 00| 0 eng d
020 ## - INTERNATIONAL STANDARD BOOK NUMBER
International Standard Book Number 0521339847
040 ## - CATALOGING SOURCE
Transcribing agency DDC
082 ## - DEWEY DECIMAL CLASSIFICATION NUMBER
Classification number 512.5 CIA 1989
100 ## - MAIN ENTRY--PERSONAL NAME
Relator code Ciarlet, Philippe G.
245 ## - TITLE STATEMENT
Title Introduction to Numerical Linear Algebra and Optimisation
260 ## - PUBLICATION, DISTRIBUTION, ETC. (IMPRINT)
Place of publication, distribution, etc. Cambridge;
Name of publisher, distributor, etc. Cambridge university press
Date of publication, distribution, etc. 1989
300 ## - PHYSICAL DESCRIPTION
Extent xiv,436 p; ill:
Other physical details Bibliography,references,index included
Dimensions 22.7cm
650 ## - SUBJECT ADDED ENTRY--TOPICAL TERM
Topical term or geographic name as entry element Mathematics
650 ## - SUBJECT ADDED ENTRY--TOPICAL TERM
Topical term or geographic name as entry element linear algebra
9 (RLIN) 3634
942 ## - ADDED ENTRY ELEMENTS (KOHA)
Source of classification or shelving scheme Dewey Decimal Classification
Koha item type Open Shelf
Holdings
Withdrawn status Lost status Source of classification or shelving scheme Damaged status Not for loan Home library Current library Source of acquisition Inventory number Total Checkouts Full call number Barcode Date last seen Koha item type Date acquired Price effective from
    Dewey Decimal Classification     MUST Main Library MUST Main Library purchase 04/20699   512.5 CIA 1989 2024-0131 12/04/2024 Open Shelf    
    Dewey Decimal Classification     MUST Main Library MUST Main Library Purchase 04/20700   512.5 CIA 1989 2024-20535 14/06/2024 Open Shelf 14/06/2024 14/06/2024